000 00258nam a2200109Ia 4500
005 20251222114344.0
008 251222s1900||||xx |||||||||||||| ||spa||
082 _aDVD0092/J92C/2006
245 0 _aConfirmación
264 _bFajardo Olivares, Walter
942 _cDVD
999 _c984
_d984